| 000 | 00475nam a22001697a 4500 | ||
|---|---|---|---|
| 003 | SGT | ||
| 020 | _a9780323612692 | ||
| 082 |
_a616.5 _bH21D |
||
| 100 | _aDINULOS, JAMES G.H. | ||
| 245 | _aHABIF'S CLINICAL DERMATOLOGY : A COLORGUIDE TO DIAGNOSIS AND THERAPY | ||
| 250 | _a7TH | ||
| 260 |
_aEDINBURGH _bELSEVIER PUB _c2021 |
||
| 300 | _a1062 | ||
| 650 | _aDERMATOLOGY | ||
| 653 | _aHABIF'S CLINICAL DERMATOLOGY : A COLORGUIDE TO DIAGNOSIS AND THERAPY | ||
| 942 |
_2ddc _cBK |
||
| 999 |
_c30657 _d30657 |
||